000 00618ctm a22001933a 4500
001 tmp96013782
003 DLC
005 20260227112755.0
008 070117s1895 gw a m 000 0 ger
010 _atmp96013782
035 _a(OCoLC)ocm50444776
040 _aDLC
_cDLC
_dDLC
050 0 0 _aQD401
_b.W78 1895
100 1 _aWinzheimer, Erich.
245 1 0 _aUeber das B-2-1-3-4-Dichlortriketohydrochinolinhydrat und seine Umwandlungsprodukte /
_cErich Winzheimer.
260 _aMarburg, :
_bR. Friedrich, ;
_c1895.
300 _a54 p. :
_billus., ;
_c15 cm.
502 _aThesis (doctoral)--Universität Marburg, 1895.
999 _c91183
_d91183